000
00309nam a2200121Ia 4500
005
20251222154436.0
008
251222s9999||||xx |||||||||||||| ||spa||
020
_a
84-206-4210-X
082
_a
986.16/I97
100
_a
"Izard, Miguel"
245
0
_a
Tierra firme: Historia de Venezuela y Colombia
942
_c
LIB
999
_c
36630
_d
36630